Central Library OPAC University of Rajshahi

The golden treasury : (Record no. 18170)

MARC details
000 -LEADER
fixed length control field 00827nam a2200229 a 4500
001 - CONTROL NUMBER
control field 18170
003 - CONTROL NUMBER IDENTIFIER
rucl marc code BD-RJUL
005 - DATE AND TIME OF LATEST TRANSACTION
control field 20211209000239.0
008 - FIXED-LENGTH DATA ELEMENTS--GENERAL INFORMATION
fixed length control field 140219s19521824enk 001 0 eng d
035 ## - SYSTEM CONTROL NUMBER
System control number (BD-RjUL)18228
040 ## - CATALOGING SOURCE
Original cataloging agency BD-RjUL
Language of cataloging eng
Transcribing agency BD-RjUL
041 ## - LANGUAGE CODE
Language code of text/sound track or separate title eng
082 ## - DEWEY DECIMAL CLASSIFICATION NUMBER
Classification number 821.04
Author mark and year GOL 1952
100 1# - MAIN ENTRY--PERSONAL NAME
Personal name Palgrave, Francis Turner,
Dates associated with a name 1824-1897.
9 (RLIN) 55352
245 14 - TITLE STATEMENT
Title The golden treasury :
Remainder of title selected from the best songs and lyrical poems in the English language /
Statement of responsibility, etc. arranged with notes by Francis T. Palgrave ; with a supplementary fifth book selected, arranged, and annotated by Laurence Binyon.
250 ## - EDITION STATEMENT
Edition statement 3rd ed.
260 ## - PUBLICATION, DISTRIBUTION, ETC. (IMPRINT)
Place of publication, distribution, etc. London :
Name of publisher, distributor, etc. Macmillan,
Date of publication, distribution, etc. 1952.
300 ## - PHYSICAL DESCRIPTION
Pagination 524 p. ;
Size 16 cm.
504 ## - BIBLIOGRAPHY, ETC. NOTE
Bibliography, etc Includes index of first lines.
700 1# - ADDED ENTRY--PERSONAL NAME
Personal name Binyon, Laurence,
Dates associated with a name 1869-1943.
942 ## - ADDED ENTRY ELEMENTS (KOHA)
Source of classification or shelving scheme Dewey Decimal Classification
Koha item type Books
Holdings
Lost status Source of classification or shelving scheme Damaged status Not for loan Collection code Permanent Location Current Location Shelving location Date acquired Source of acquisition Cost, normal purchase price Total Checkouts Full call number Date last seen Copy number Koha item type
  Dewey Decimal Classification   Not For Loan Fiction Central Library, University of Rajshahi Central Library, University of Rajshahi Reading Room 17/01/1955 oup 3.60   821.04 GOL 1952 19/02/2014 C-1 Books
  Dewey Decimal Classification     Non-fiction Central Library, University of Rajshahi Central Library, University of Rajshahi   03/02/1958 USIS Dhaka     821.04 GOL 1952 31/12/2019 C-2 Books